Integrated Performance Management: a guide to strategy implementation (Record no. 6368)

MARC details
000 -LEADER
fixed length control field 00594nam a22001937a 4500
003 - CONTROL NUMBER IDENTIFIER
control field OSt
005 - DATE AND TIME OF LATEST TRANSACTION
control field 20191106155004.0
008 - FIXED-LENGTH DATA ELEMENTS--GENERAL INFORMATION
fixed length control field 191106b ||||| |||| 00| 0 eng d
020 ## - INTERNATIONAL STANDARD BOOK NUMBER
International Standard Book Number 1412901553
040 ## - CATALOGING SOURCE
Transcribing agency DDC
082 ## - DEWEY DECIMAL CLASSIFICATION NUMBER
Classification number 658 INT 2004
100 ## - MAIN ENTRY--PERSONAL NAME
Personal name Edited by Verweire, Kurt; Van Den Berghe, Lutgart
9 (RLIN) 13027
245 ## - TITLE STATEMENT
Title Integrated Performance Management: a guide to strategy implementation
260 ## - PUBLICATION, DISTRIBUTION, ETC. (IMPRINT)
Place of publication, distribution, etc. London;
Name of publisher, distributor, etc. Sage Publications,
Date of publication, distribution, etc. 2004
300 ## - PHYSICAL DESCRIPTION
Extent xvii,334p;
Other physical details Ill:
Dimensions 24cm
504 ## - BIBLIOGRAPHY, ETC. NOTE
Bibliography, etc References, & index included
650 ## - SUBJECT ADDED ENTRY--TOPICAL TERM
Topical term or geographic name as entry element Perfomance management
9 (RLIN) 13028
942 ## - ADDED ENTRY ELEMENTS (KOHA)
Source of classification or shelving scheme Dewey Decimal Classification
Koha item type Open Shelf
Holdings
Withdrawn status Lost status Source of classification or shelving scheme Damaged status Not for loan Home library Current library Date acquired Source of acquisition Inventory number Total Checkouts Full call number Barcode Date last seen Koha item type
    Dewey Decimal Classification     MUST Main Library MUST Main Library 06/11/2019 Donation 06/27243   658 INT 2004 2019-0600 06/11/2019 Open Shelf